| 000 | 00349 a2200133 4500 | ||
|---|---|---|---|
| 000 | nam a22 7a 4500 | ||
| 100 | _aMitchell A. Orenstein | ||
| 110 | _aMitchell A. Orenstein | ||
| 245 | _aThe Lands in Between | ||
| 250 | _alatest edition | ||
| 260 |
_boxford university press _c2024 |
||
| 264 |
_boxford university press _c2024 |
||
| 942 | _cBK | ||
| 999 |
_c395305 _d395305 |
||